000 00536nam a22001697a 4500
003 MACL
005 20160717152926.0
008 160717b xxu||||| |||| 00| 0 eng d
040 _cMACL
041 _aHindi
082 _a891.432 SIN
100 _aसिंह, नामवर
_964631
245 _aमहान ग्रीक त्रासदियां
_cनामवर सिंह
260 _aनई दिल्‍ली
_bकिरण बुक्‍स
_c2012
650 _aनाटक
_964632
942 _2ddc
_cHIN
999 _c54378
_d54378